La vigencia de los instrumentos internacionales. A propósito del fallo de la CSJN "Acevedo" (Registro nro. 32761)

Detalles MARC
000 -LEADER
fixed length control field 00401 a2200109 4500
001 - CONTROL NUMBER
control field ART_62774
005 - DATE AND TIME OF LATEST TRANSACTION
control field 20260410162017.0
008 - FIXED-LENGTH DATA ELEMENTS--GENERAL INFORMATION
fixed length control field 260409a
100 1# - MAIN ENTRY--PERSONAL NAME
Personal name Grappasonno, Nicolás
245 10 - TITLE STATEMENT
Title La vigencia de los instrumentos internacionales. A propósito del fallo de la CSJN "Acevedo"
773 0# - HOST ITEM ENTRY
Title Temas de derecho administrativo
Related parts - Año 10, N° 5/6 (mayo/jun. 2025)
Record control number REV40468

No hay ítems disponibles.